[Event "Ghent Taminco op 35th"]
[Site "Ghent"]
[Date "2012.07.15"]
[Round "4"]
[White "Ismail, Tamer"]
[Black "Van Hoecke, Luc"]
[Result "1/2-1/2"]
[WhiteElo "1776"]
[BlackElo "2020"]
[PlyCount "39"]
[EventDate "2012.07.14"]
[EventType "swiss"]
[EventRounds "9"]
[EventCountry "BEL"]
[SourceTitle "CBM 149 Extra"]
[Source "ChessBase"]
[SourceDate "2012.08.24"]
[SourceVersion "1"]
[SourceVersionDate "2012.08.24"]
[SourceQuality "1"]

1. e4 c5 2. c3 Nf6 3. e5 Nd5 4. d4 cxd4 5. Nf3 Nc6 6. cxd4 e6 7. Bb5 Qa5+ 8. Nc3 Nxc3 9. Bxc6 bxc6 10. Qd2 Ba6 11. Qxc3 Qb5 12. Qc2 d6 13. a4 Qd5 14. Be3 dxe5 15. dxe5 Bb4+ 16. Bd2 Bxd2+ 17. Qxd2 Rb8 18. 0-0-0 0-0 19. Qxd5 cxd5 20. Rd4 1/2-1/2